| 000 | 01163cam a22002533a 4500 | ||
|---|---|---|---|
| 001 | 8571 | ||
| 003 | PGUSA | ||
| 005 | 20140828083202.0 | ||
| 008 | 050701s2005||||xxu|||||s|||||000 e eng d | ||
| 040 |
_aPGUSA _beng |
||
| 042 | _adc | ||
| 050 | 4 | _aPS | |
| 100 | 1 |
_aIrving, Washington, _d1783-1859 |
|
| 245 | 1 | 0 |
_aWolfert's Roost, and Miscellanies _h[electronic resource] / _cWashington Irving |
| 260 |
_bProject Gutenberg, _c2005 |
||
| 505 | 0 | _aChronicle of Wolfert's Roost -- Sleepy Hollow -- Birds of spring -- Recollections of the Alhambra -- Abencerrage -- Enchanted island -- Adelantado of the Seven Cities -- National nomenclature -- Desultory thoughts on criticism -- Spanish romance -- Legend of Don Munio Sancho de Hinojosa -- Communipaw -- Conspiracy of the cocked hats -- Legend of Communipaw -- The Bermudas -- Pelayo and the merchant's daughter -- Knight of Malta -- Legend of the engulphed convent. | |
| 506 | _aPublic domain in the USA. | ||
| 516 | _aElectronic text | ||
| 653 | _aShort stories, American | ||
| 653 | _aAmerican essays | ||
| 830 | 0 |
_aProject Gutenberg _v8571 |
|
| 856 | 4 | 0 | _uhttp://www.gutenberg.org/ebooks/8571 |
| 942 | _cEB | ||
| 999 |
_c237871 _d237871 |
||